Vývoj aplikácií pre Lotus Domino/Notes 3. časť Pohľady v DMS

Bibliographic Details
Main Author: Uhlár, Miroslav (Author)
Format: Article
Language:Slovak
PhysicalDescription:Obr., tab.
ISSN:1335-4787
Subjects:

MARC

LEADER 00000nab a2200000 a 4500
001 vtls008831585
003 SK-MaSNL
005 20260304145946.0
008 250505c2006 xo |||||||||||000 b|slo
015 |a SNBRB2006/07  |2 snkbucl 
035 |a (uuid)a55a2921-cc45-413c-990e-7f30cbb3073b 
035 |a urn:nbn:sk:snk-ab1ezb 
035 |a (urnnbn)urn:nbn:sk:snk:ar-0034ct 
038 |a SNKBUCL 
040 |a SNKBUCL  |b slo  |c SNKBUCL  |e AACR2 
041 0 |a slo 
044 |a xo  |c SK 
080 |a 004.42Lotus Domino  |2 1997 
080 |a 004.652:004.91  |2 1997 
080 |a 004.91  |2 1997 
100 1 |a Uhlár, Miroslav  |4 aut  |9 1452418 
245 1 0 |a Vývoj aplikácií pre Lotus Domino/Notes  |n 3. časť  |p Pohľady v DMS  |c Miroslav Uhlár 
300 |b Obr., tab. 
500 |a Pokračovanie 
630 0 7 |a IBM Lotus Domino/Notes  |2 snkbucl  |9 1452419 
650 0 7 |a programovanie  |2 snkbucl  |9 22041 
650 0 7 |a databázy  |2 snkbucl  |9 885 
650 0 7 |a systémy na správu dokumentov  |2 snkbucl  |9 81522 
773 0 |t Infoware  |g Č. 3 (2006), s. 55-56  |x 1335-4787 
850 |a Slovenská národná knižnica 
852 |a Slovenská národná knižnica 
954 |a odborná, vedecká literatúra pôvodná (slovenská)  |2 lita 
958 |a article2022 
958 |a OND 
958 |a EUIPO 
999 |c 2937549  |d 2939479